C'est Bastia - Statistiques

Statistiques générales
  • Ce quiz a été pris 73 fois
  • Le résultat moyen est 3 sur 7
Statistiques - réponses
Hint Réponse % Correct
Personne représenté par la statue au SUD de la place. Napoléon
75%
La place au sud de la mairie. St Nicolas
75%
Fermé toute la journée à chaque accident. Le tunnel
74%
Longe la ville du côté de la mer. Le port
23%
Jardins a côté de la préfecture. Annonciade
9%
Joueur qui détient le record sur la map geoguessr de la ville le 9/11/2022 Auroz
2%
Entre la mairie et la place. L'office du tourisme
0%
Aucun quiz correspondant
Distribution des résultats
% des personnes avec chaque résultat
Percentile par nombre de réponses
Votre historique - résultats
Vous n’avez pas pris ce quiz